| 000 | 01059nas a2200325 4500 | ||
|---|---|---|---|
| 001 | BR2013003171 | ||
| 003 | BR-BrBNA | ||
| 005 | 20231205122346.0 | ||
| 007 | ta | ||
| 008 | 230509b bl.|||p| |||| 00| 00por d | ||
| 040 |
_aBR-BrBNA _bpor _cBiblioteca Nacional de Agricultura |
||
| 041 | _a(Pt) | ||
| 072 | _aQ04; Q02 | ||
| 100 | 1 | _aDalonso, N. | |
| 100 | 1 | _aIgnowski, E. | |
| 100 | 1 | _aMonteiro, C.M.A. | |
| 100 | 1 | _aGelsleichter, M. | |
| 100 | 1 | _aWagner, T.M. | |
| 100 | 1 | _aSilveira, M.L.L. | |
| 100 | 1 | _aSilva, D.A.K. | |
| 245 | 1 | _aExtração e caracterização de carboidratos presentes no alho (Allium sativum L.): proposta de metodologia alternativa | |
| 650 | _aANÁLISE QUÍMICA | ||
| 650 | _aCOMPOSIÇÃO DE ALIMENTO | ||
| 650 | _aCROMATOGRAFIA | ||
| 650 | _aPOLISSACARÍDEO | ||
| 773 | 0 |
_tCiência e Tecnologia de Alimentos (Brazil) _xISSN 1678-457X _g(Oct-Dec 2009), V. 29(4) p. 793-797 _wBR2013003171 |
|
| 856 | 4 | 0 | _uhttp://www.scielo.br/pdf/cta/v29n4/14.pdf |
| 909 |
_a202311 _bLúcia _c55 _dLúcia Elande |
||
| 942 |
_2AGRIS _n0 _cANA |
||
| 999 |
_c228242 _d228242 |
||